00728 2200277 4500001002100000005001500021035002000036007000300056008004100059100001200100245006600112250003100178300002800209020001800237082000800255084001800263084001800281084001800299084001800317260004500335650001800380990001300398990001300411990001300424990001300437INLIS00000000000940620251223075107 a0010-0623000200ta240811 1 ind 0 aRowling1 aHarry Potter :bharry potter dan kamar rahasia /cJ.K Rowling aCetakan Ke Tiga Puluh Satu a432 hlm. ;c14 x 20 cm. a9786020339184 a823 a823 ROW h C.1 a823 ROW h C.2 a823 ROW h C.3 a823 ROW h C.4 aJakarta :bGramedia Pustaka Utama,c2023 4aFiksi Inggris a023.3501 a023.3502 a023.3503 a023.3504